000 00228nam a2200097Ia 4500
008 120527s9999 xx 000 0 und d
100 _aDODD, A.Vincent
245 _aAgricultural engineering 4.
260 _bBalkema
942 _cBK
999 _c25165
_d25165